<?xml version="1.0" encoding="UTF-8"?>
<record
    xmlns:xsi="http://www.w3.org/2001/XMLSchema-instance"
    xsi:schemaLocation="http://www.loc.gov/MARC21/slim http://www.loc.gov/standards/marcxml/schema/MARC21slim.xsd"
    xmlns="http://www.loc.gov/MARC21/slim">

  <leader>01620nam a2200289 a 4500</leader>
  <controlfield tag="003">DO-SdBNP</controlfield>
  <controlfield tag="005">20220712102734.0</controlfield>
  <controlfield tag="007">ta</controlfield>
  <controlfield tag="008">220712e2018    dr ao||gr|||| 00| 0bspa d</controlfield>
  <datafield tag="020" ind1=" " ind2=" ">
    <subfield code="a">9789945909753</subfield>
  </datafield>
  <datafield tag="040" ind1=" " ind2=" ">
    <subfield code="a">DO-SdBNP</subfield>
    <subfield code="b">spa</subfield>
    <subfield code="c">BNPHU</subfield>
  </datafield>
  <datafield tag="082" ind1=" " ind2="4">
    <subfield code="2">22</subfield>
    <subfield code="b">G216v</subfield>
  </datafield>
  <datafield tag="245" ind1="1" ind2="0">
    <subfield code="a">Voces desde el horizonte. /</subfield>
    <subfield code="c">Rosa Idalia Garc&#xED;a; Presentaci&#xF3;n, Mar&#xED;a Amalia Le&#xF3;n de Jorge </subfield>
  </datafield>
  <datafield tag="260" ind1=" " ind2=" ">
    <subfield code="a">Santiago de los Caballeros :</subfield>
    <subfield code="b">Centro Le&#xF3;n, </subfield>
    <subfield code="c">2018</subfield>
  </datafield>
  <datafield tag="300" ind1=" " ind2=" ">
    <subfield code="a">179 p. :</subfield>
    <subfield code="b">il., fotogr. ;</subfield>
    <subfield code="c">30 cm.</subfield>
  </datafield>
  <datafield tag="505" ind1="0" ind2=" ">
    <subfield code="t">Palabras de Inauguraci&#xF3;n. /</subfield>
    <subfield code="r">Mar&#xED;a Amalia Le&#xF3;n de Jorge. Directora Fundaci&#xF3;n Eduardo Le&#xF3;n Jim&#xE9;nez y Centro Le&#xF3;n.--</subfield>
    <subfield code="t">Lo profundo del aniversario rosiano. /</subfield>
    <subfield code="r">Elvia Ojeda.--</subfield>
    <subfield code="t">Rosa Idalia Garc&#xED;a: Una mirada interpretativa, expcepcional, &#xFA;nica y vigorosa. /</subfield>
    <subfield code="r">Danilo de los Santos.--</subfield>
    <subfield code="t">&#xC1;mbito 1. /</subfield>
    <subfield code="r">Acento.--</subfield>
    <subfield code="t">&#xC1;mbito 2. /</subfield>
    <subfield code="r">At&#xE1;vicas.--</subfield>
    <subfield code="t">&#xC1;mbito 3. /</subfield>
    <subfield code="r">El horizonte.--</subfield>
    <subfield code="t">&#xC1;mbito 4. /</subfield>
    <subfield code="r">Plural.--</subfield>
    <subfield code="t">&#xC1;mbito 5. /</subfield>
    <subfield code="r">Polifon&#xED;a.--</subfield>
    <subfield code="t">&#xC1;mbito 6. /</subfield>
    <subfield code="r">Resonancia.--</subfield>
    <subfield code="t">&#xC1;mbito 7. /</subfield>
    <subfield code="r">Singular.--</subfield>
    <subfield code="t">Cronolog&#xED;a: Rosa Idalia Garc&#xED;a y el contexto.</subfield>
    <subfield code="t">Textos en ingl&#xE9;s y franc&#xE9;s.</subfield>
  </datafield>
  <datafield tag="546" ind1=" " ind2=" ">
    <subfield code="a">Textos en espa&#xF1;ol,  ingl&#xE9;s y franc&#xE9;s.</subfield>
  </datafield>
  <datafield tag="585" ind1=" " ind2=" ">
    <subfield code="3">Exposici&#xF3;n del 25 de mayo al 9 de septiembre de 2018.</subfield>
  </datafield>
  <datafield tag="590" ind1=" " ind2=" ">
    <subfield code="a">Inventariado 2022 / MF</subfield>
  </datafield>
  <datafield tag="650" ind1=" " ind2="4">
    <subfield code="9">81683</subfield>
    <subfield code="a">Arte dominicano</subfield>
    <subfield code="v">Exposiciones</subfield>
    <subfield code="x">Cat&#xE1;logos</subfield>
  </datafield>
  <datafield tag="650" ind1=" " ind2="4">
    <subfield code="9">62043</subfield>
    <subfield code="a">Arte dominicano</subfield>
    <subfield code="x">Exposiciones</subfield>
  </datafield>
  <datafield tag="650" ind1=" " ind2="4">
    <subfield code="9">79753</subfield>
    <subfield code="a">Exposicion</subfield>
    <subfield code="x">Pintura</subfield>
    <subfield code="z">Rep&#xFA;blica Dominicana</subfield>
  </datafield>
  <datafield tag="651" ind1=" " ind2="4">
    <subfield code="a">Garc&#xED;a, Rosa Idalia</subfield>
    <subfield code="v">Exposiciones</subfield>
    <subfield code="x">Pintura</subfield>
    <subfield code="y">1944-</subfield>
    <subfield code="z">Rep&#xFA;blica Dominicana</subfield>
    <subfield code="9">81989</subfield>
  </datafield>
  <datafield tag="700" ind1="1" ind2=" ">
    <subfield code="9">75759</subfield>
    <subfield code="a">Le&#xF3;n Jorge, Mar&#xED;a Amalia de</subfield>
  </datafield>
  <datafield tag="910" ind1=" " ind2=" ">
    <subfield code="a">MFeliz</subfield>
  </datafield>
  <datafield tag="942" ind1=" " ind2=" ">
    <subfield code="2">ddc</subfield>
    <subfield code="c">LBS1</subfield>
  </datafield>
  <datafield tag="952" ind1=" " ind2=" ">
    <subfield code="0">0</subfield>
    <subfield code="1">0</subfield>
    <subfield code="2">ddc</subfield>
    <subfield code="5">1</subfield>
    <subfield code="7">0</subfield>
    <subfield code="8">PD</subfield>
    <subfield code="a">BNPHU</subfield>
    <subfield code="b">BNPHU</subfield>
    <subfield code="c">CT</subfield>
    <subfield code="d">2021-12-16</subfield>
    <subfield code="e">Dep&#xF3;sito legal</subfield>
    <subfield code="o">G216v</subfield>
    <subfield code="p">2022-3413</subfield>
    <subfield code="r">2022-07-12</subfield>
    <subfield code="w">2022-07-12</subfield>
    <subfield code="y">LBS1</subfield>
  </datafield>
  <datafield tag="952" ind1=" " ind2=" ">
    <subfield code="0">0</subfield>
    <subfield code="1">0</subfield>
    <subfield code="2">ddc</subfield>
    <subfield code="5">1</subfield>
    <subfield code="7">0</subfield>
    <subfield code="8">PD</subfield>
    <subfield code="a">BNPHU</subfield>
    <subfield code="b">BNPHU</subfield>
    <subfield code="c">CT</subfield>
    <subfield code="d">2021-12-16</subfield>
    <subfield code="e">Dep&#xF3;sito legal</subfield>
    <subfield code="o">G216v</subfield>
    <subfield code="p">2022-3414</subfield>
    <subfield code="r">2022-07-12</subfield>
    <subfield code="t">e.2</subfield>
    <subfield code="w">2022-07-12</subfield>
    <subfield code="y">LBS1</subfield>
  </datafield>
  <datafield tag="952" ind1=" " ind2=" ">
    <subfield code="0">0</subfield>
    <subfield code="1">0</subfield>
    <subfield code="2">ddc</subfield>
    <subfield code="5">1</subfield>
    <subfield code="7">0</subfield>
    <subfield code="8">PD</subfield>
    <subfield code="a">BNPHU</subfield>
    <subfield code="b">BNPHU</subfield>
    <subfield code="c">CT</subfield>
    <subfield code="d">2021-12-16</subfield>
    <subfield code="e">Dep&#xF3;sito legal</subfield>
    <subfield code="o">G216v</subfield>
    <subfield code="p">2022-3415</subfield>
    <subfield code="r">2022-07-12</subfield>
    <subfield code="t">e.3</subfield>
    <subfield code="w">2022-07-12</subfield>
    <subfield code="y">LBS1</subfield>
  </datafield>
  <datafield tag="999" ind1=" " ind2=" ">
    <subfield code="c">52172</subfield>
    <subfield code="d">52172</subfield>
  </datafield>
</record>
